Catálogo
 En Linea

Historia de la literatura española : (Registro nro. 6449)

Detalles MARC
000 -CABECERA
campo de control de longitud fija 01001cam a2200265 a 4500
001 - NÚMERO DE CONTROL
campo de control 000006659
005 - FECHA Y HORA DE LA ÚLTIMA TRANSACCIÓN
campo de control 20200929153953.0
008 - DATOS DE LONGITUD FIJA--INFORMACIÓN GENERAL
campo de control de longitud fija 961204r19701970sp b 001 0 spa
020 ## - NÚMERO INTERNACIONAL ESTÁNDAR DEL LIBRO
Número Internacional Estándar del Libro 842491483X
040 ## - FUENTE DE LA CATALOGACIÓN
Centro catalogador/agencia de origen DO-SdBNP
Lengua de catalogación spa
Centro/agencia transcriptor BNPHU
082 ## - NÚMERO DE LA CLASIFICACIÓN DECIMAL DEWEY
Número de clasificación 860.9
Número de documento/Ítem A339h, 1970
100 1# - ENTRADA PRINCIPAL--NOMBRE DE PERSONA
Nombre de persona Alborg, Juan Luis.
9 (RLIN) 18517
245 10 - MENCIÓN DE TÍTULO
Título Historia de la literatura española :
Resto del título edad media y renacimiento /
Mención de responsabilidad, etc. Juan Luis Alborg.
250 ## - MENCIÓN DE EDICIÓN
Mención de edición 2a ed.
260 ## - PUBLICACIÓN, DISTRIBUCIÓN, ETC.
Lugar de publicación, distribución, etc. Madrid :
Nombre del editor, distribuidor, etc. Gredos,
Fecha de publicación, distribución, etc. 1970.
300 ## - DESCRIPCIÓN FÍSICA
Extensión v. ;
Dimensiones 25 cm.
500 ## - NOTA GENERAL
Nota general Séptima reimpresión de la segunda edición.
500 ## - NOTA GENERAL
Nota general La biblioteca sólo posee el volumen 1.
504 ## - NOTA DE BIBLIOGRAFÍA, ETC.
Nota de bibliografía, etc. Incluye referencias bibliográficas y notas al pie de las páginas.
505 0# - NOTA DE CONTENIDO CON FORMATO
Información miscelánea Vol. 1.
Título Edad media y renacimiento.
650 #4 - PUNTO DE ACCESO ADICIONAL DE MATERIA--TÉRMINO DE MATERIA
Término de materia o nombre geográfico como elemento de entrada Literatura española
Subdivisión general Historia y crítica
9 (RLIN) 3904
650 #4 - PUNTO DE ACCESO ADICIONAL DE MATERIA--TÉRMINO DE MATERIA
Término de materia o nombre geográfico como elemento de entrada Literatura española
Subdivisión cronológica SIGLO XVIII
9 (RLIN) 13698
650 #4 - PUNTO DE ACCESO ADICIONAL DE MATERIA--TÉRMINO DE MATERIA
Término de materia o nombre geográfico como elemento de entrada Literatura española
Subdivisión cronológica SIGLO XIX-XX
9 (RLIN) 18518
650 #4 - PUNTO DE ACCESO ADICIONAL DE MATERIA--TÉRMINO DE MATERIA
Término de materia o nombre geográfico como elemento de entrada Literatura española
Subdivisión general Historia y critica
Subdivisión cronológica SIGLO XIX
9 (RLIN) 18519
Existencias
Estado de retiro Estado de pérdida Restricciones de uso No para préstamo Código de colección Localización permanente Ubicación/localización actual Ubicación en estantería Fecha de adquisición Número de inventario Total de préstamos Signatura topográfica completa Código de barras Fecha visto por última vez Precio válido a partir de Tipo de ítem Koha
    Préstamo interno   Monografías: Libros y Folletos General General En catalogación 01.09.2009 LF1   v.1 6659-10 25.06.2020 25.06.2020 Préstamo interno

Con tecnología Koha